Miedo y literatura / (Record no. 89110)

MARC details
000 -LEADER
campo de control de longitud fija 00763nam a2200253 i 4500
001 - NÚMERO DE CONTROL
campo de control 89110
003 - IDENTIFICADOR DE NÚMERO DE CONTROL
campo de control ES-MaACL
005 - FECHA Y HORA DE LA ÚLTIMA TRANSACCIÓN
campo de control 20240509063059.0
007 - CAMPO FIJO DE DESCRIPCIÓN FÍSICA--INFORMACIÓN GENERAL
campo de control de longitud fija t|
008 - DATOS DE LONGITUD FIJA--INFORMACIÓN GENERAL
campo de control de longitud fija 050201s2004 sp ||||1| spa d
020 ## - NÚMERO INTERNACIONAL ESTÁNDAR DEL LIBRO
Número Internacional Estándar del Libro 84-414-1462-9
080 ## - NÚMERO DE LA CLASIFICACIÓN DECIMAL UNIVERSAL
Número de la Clasificación Decimal Universal 82-312.9.09
080 ## - NÚMERO DE LA CLASIFICACIÓN DECIMAL UNIVERSAL
Número de la Clasificación Decimal Universal 159.942.52(0:82)
100 0# - ENTRADA PRINCIPAL--NOMBRE DE PERSONA
Nombre de persona Martínez de Mingo, Luis,
Fechas asociadas al nombre 1948-
9 (RLIN) 78020
245 10 - MENCIÓN DEL TÍTULO
Título Miedo y literatura /
Mención de responsabilidad, etc. Luis Martínez de Mingo.
260 ## - PUBLICACIÓN, DISTRIBUCIÓN, ETC.
Lugar de publicación, distribución, etc. Madrid :
Nombre del editor, distribuidor, etc. Edaf,
Fecha de publicación, distribución, etc. [2004]
300 ## - DESCRIPCIÓN FÍSICA
Extensión 203 p. ;
Dimensiones 21 cm.
490 1# - MENCIÓN DE SERIE
Mención de serie Edaf ensayo ;
Designación de volumen o secuencia 21
650 14 - PUNTO DE ACCESO ADICIONAL DE MATERIA--TÉRMINO DE MATERIA
Término de materia o nombre geográfico como elemento de entrada Literatura fantástica-
Subdivisión general Historia y crítica.
9 (RLIN) 14581
650 14 - PUNTO DE ACCESO ADICIONAL DE MATERIA--TÉRMINO DE MATERIA
Término de materia o nombre geográfico como elemento de entrada Miedo-
Subdivisión general En la literatura.
9 (RLIN) 15035
830 0# - PUNTO DE ACCESO ADICIONAL DE SERIE-TÍTULO UNIFORME
Título uniforme Edaf ensayo ;
Designación de volumen o secuencia 21
9 (RLIN) 180510
852 ## - LOCALIZACIÓN
Ubicación ES-MaACL
Número de control de estantería L-28758
Sublocalización o colección R.134886
Holdings
Estatus retirado Estado de pérdida Estado de daño No para préstamo Biblioteca de origen Biblioteca actual Ubicación en estantería Fecha de adquisición Fuente de adquisición Total de préstamos Signatura topográfica completa Código de barras Visto por última vez Precio de reemplazo Tipo de ítem Koha
        Biblioteca del Ateneo de Madrid Biblioteca del Ateneo de Madrid Depósito 2 17/01/2008     L-28758 1093068 23/02/2023 23/02/2023 Libro impreso